NTA CUET(ug) Chemistry (Record no. 215910)

MARC details
000 -LEADER
fixed length control field 00627nam a2200205 4500
005 - DATE AND TIME OF LATEST TRANSACTION
control field 20260416122103.0
010 ## - LCCN (DPL NO)
LC control number ENG-148301
020 ## - INTERNATIONAL STANDARD BOOK NUMBER
International Standard Book Number 9789371360982
Terms of availability 390.00
035 ## - SYSTEM CONTROL NUMBER
System control number EN-131833
037 ## - SOURCE OF ACQUISITION
Source of stock number/acquisition DBAD
082 ## - DEWEY DECIMAL CLASSIFICATION NUMBER
Edition number 2026
Classification number 540
100 ## - MAIN ENTRY--PERSONAL NAME
Personal name Gupta, Shalendra
245 ## - TITLE STATEMENT
Title NTA CUET(ug) Chemistry
Statement of responsibility, etc Shalendra Gupta
250 ## - EDITION STATEMENT
Edition statement 2026
260 ## - PUBLICATION, DISTRIBUTION, ETC. (IMPRINT)
Place of publication, distribution, etc Uttar Pradesh
Name of publisher, distributor, etc Person India Education Services PVT. LTD
270 ## - ADDRESS
Address 1st Floor, Berger Tower, Plot No. c-001A/2, Sector 16B, Noida
City India
Postal code 201301
300 ## - PHYSICAL DESCRIPTION
Extent vp.
Dimensions 23cm(pb)
700 ## - ADDED ENTRY--PERSONAL NAME
Personal name Prashant Jain
9 (RLIN) 88933
942 ## - ADDED ENTRY ELEMENTS (KOHA)
Source of classification or shelving scheme Dewey Decimal Classification
Item type English Books
Edition 2026
Classification part 540
Call number suffix GUP
Holdings
Withdrawn status Lost status Not for loan Collection code Home library Current library Date acquired Source of acquisition Cost, normal purchase price Full call number Barcode Copy number Cost, replacement price Koha item type
    Not For Loan Non-fiction D.B.Act.Division D.B.Act.Division 16/04/2026 DBAD 390.00 540 GUP EN-131833 1 390.00 English Books

© Delhi Public Library
Hit Counter
free hit counter